| 000 | 00721nam a22002177a 4500 | ||
|---|---|---|---|
| 999 |
_c179471 _d179471 |
||
| 005 | 20210614163245.0 | ||
| 010 | _aB-740229 | ||
| 020 |
_a9788189487874 _c230.00 |
||
| 035 | _aB-740229 | ||
| 037 | _bGift | ||
| 082 | _a934.03 | ||
| 100 | _aShrimali, Krishna Mohan | ||
| 245 |
_aThe age of iron and the religious revolution c.700 - c.350 BC / _cby Krishna Mohan Shrimali |
||
| 260 |
_aDelhi _bTulika Books _c2011 |
||
| 270 |
_a35A/1, Shahpur Jat _bNew Delhi _e110049 |
||
| 300 |
_axiii, 160p.: _bill. _c24cm(pbk) |
||
| 490 |
_aA People's History of India _v4 |
||
| 500 | _ainclude index | ||
| 942 |
_2ddc _cEN _mIRF _h934.03 |
||